000 00668nam a22001697a 4500
005 20250220083911.0
008 250220b |||||||| |||| 00| 0 eng d
082 _22024
_aUT
100 _aBarro, Hearthchel Joy C.
_965629
245 _aPhysical activity engagement and disaster preparedness among college students /
_cHearthchel Joy C. Barro, Jackie Lou S. Sanico, and Lovely Joy D. Tubali
260 _aDigos City :
_bUMDC,
_c©April 2024.
300 _aviii, 53 pages :
_billustration (some colors) ;
_c29 cm.
500 _aIncludes references and appendices.
700 _aSanico, Jackie Lou S.
_965631
700 _aTubali, Lovely Joy D.
_965632
942 _2ddc
_cUT
999 _c23547
_d23547